The Routledge Handbook of Ecomedia Studies (Record no. 81716)

MARC details
000 -LEADER
fixed length control field 03286namaa2200541uu 4500
001 - CONTROL NUMBER
control field doab112823
003 - CONTROL NUMBER IDENTIFIER
control field oapen
005 - DATE AND TIME OF LATEST TRANSACTION
control field 20260218110502.0
006 - FIXED-LENGTH DATA ELEMENTS--ADDITIONAL MATERIAL CHARACTERISTICS
fixed length control field m o d
007 - PHYSICAL DESCRIPTION FIXED FIELD--GENERAL INFORMATION
fixed length control field cr|mn|---annan
008 - FIXED-LENGTH DATA ELEMENTS--GENERAL INFORMATION
fixed length control field 230817s2024 xx |||||o ||| 0|eng d
020 ## - INTERNATIONAL STANDARD BOOK NUMBER
International Standard Book Number 9781003176497
020 ## - INTERNATIONAL STANDARD BOOK NUMBER
International Standard Book Number 9781003176497
020 ## - INTERNATIONAL STANDARD BOOK NUMBER
International Standard Book Number 9781032009421
020 ## - INTERNATIONAL STANDARD BOOK NUMBER
International Standard Book Number 9781032009445
024 7# - OTHER STANDARD IDENTIFIER
Standard number or code 10.4324/9781003176497
Source of number or code doi
040 ## - CATALOGING SOURCE
Original cataloging agency oapen
Transcribing agency oapen
Modifying agency
041 0# - LANGUAGE CODE
Language code of text/sound track or separate title eng
042 ## - AUTHENTICATION CODE
Authentication code dc
245 00 - TITLE STATEMENT
Title The Routledge Handbook of Ecomedia Studies
260 ## - PUBLICATION, DISTRIBUTION, ETC.
Name of publisher, distributor, etc. Taylor & Francis
Date of publication, distribution, etc. 2024
300 ## - PHYSICAL DESCRIPTION
Extent 1 online resource (397 p.)
336 ## - CONTENT TYPE
Content type term text
Content type code txt
Source rdacontent
337 ## - MEDIA TYPE
Media type term computer
Media type code c
Source rdamedia
338 ## - CARRIER TYPE
Carrier type term online resource
Carrier type code cr
Source rdacarrier
490 1# - SERIES STATEMENT
Series statement Routledge Environment and Sustainability Handbooks
506 0# - RESTRICTIONS ON ACCESS NOTE
Standardized terminology for access restriction Unrestricted online access
Source of term star
520 ## - SUMMARY, ETC.
Summary, etc. The Routledge Handbook of Ecomedia Studies gathers leading work by critical scholars in this burgeoning field. Redressing the lack of environmental perspectives in the study of media, ecomedia studies asserts that media are in and about the environment, and environments are socially and materially mediated. The book gives form to this new area of study and brings together diverse scholarly contributions to explore and give definition to the field. The Handbook highlights five critical areas of ecomedia scholarship: ecomedia theory, ecomateriality, political ecology, ecocultures, and eco-affects. Within these areas, authors navigate a range of different topics including infrastructures, supply and manufacturing chains, energy, e-waste, labor, ecofeminism, African and Indigenous ecomedia, environmental justice, environmental media governance, ecopolitical satire, and digital ecologies. The result is a holistic volume that provides an in-depth and comprehensive overview of the current state of the field, as well as future developments. This volume will be an essential resource for students, educators, and scholars of media studies, cultural studies, film, environmental communication, political ecology, science and technology studies, and the environmental humanities. The Open Access version of this book, available at www.taylorfrancis. com, has been made available under a Creative Commons Attribution-Non Commercial-No Derivatives (CC-BY-NC-ND) 4.0 license.
540 ## - TERMS GOVERNING USE AND REPRODUCTION NOTE
Terms governing use and reproduction Creative Commons
-- https://creativecommons.org/licenses/by-nc-nd/4.0/
-- cc
Uniform Resource Identifier <a href="https://creativecommons.org/licenses/by-nc-nd/4.0/">https://creativecommons.org/licenses/by-nc-nd/4.0/</a>
546 ## - LANGUAGE NOTE
Language note English
650 #7 - SUBJECT ADDED ENTRY--TOPICAL TERM
Topical term or geographic name entry element Media studies
Source of heading or term bicssc
650 #7 - SUBJECT ADDED ENTRY--TOPICAL TERM
Topical term or geographic name entry element Political structure & processes
Source of heading or term bicssc
720 1# - ADDED ENTRY--UNCONTROLLED NAME
Name López, Antonio
Relator code edt
720 1# - ADDED ENTRY--UNCONTROLLED NAME
Name Chang, Alenda Y.
Relator code edt
720 1# - ADDED ENTRY--UNCONTROLLED NAME
Name Chang, Alenda Y.
Relator code oth
720 1# - ADDED ENTRY--UNCONTROLLED NAME
Name Chu, Kiu-wai
Relator code edt
720 1# - ADDED ENTRY--UNCONTROLLED NAME
Name Chu, Kiu-wai
Relator code oth
720 1# - ADDED ENTRY--UNCONTROLLED NAME
Name Ivakhiv, Adrian
Relator code edt
720 1# - ADDED ENTRY--UNCONTROLLED NAME
Name Ivakhiv, Adrian
Relator code oth
720 1# - ADDED ENTRY--UNCONTROLLED NAME
Name López, Antonio
Relator code oth
720 1# - ADDED ENTRY--UNCONTROLLED NAME
Name Rust, Stephen
Relator code edt
720 1# - ADDED ENTRY--UNCONTROLLED NAME
Name Rust, Stephen
Relator code oth
720 1# - ADDED ENTRY--UNCONTROLLED NAME
Name Tola, Miriam
Relator code edt
720 1# - ADDED ENTRY--UNCONTROLLED NAME
Name Tola, Miriam
Relator code oth
793 0# -
-- DOAB Library.
856 ## - ELECTRONIC LOCATION AND ACCESS
Uniform Resource Identifier <a href="https://docs.google.com/spreadsheets/d/1yKIrdCPDAG_9c22mwoOIO2DOhtj65Wqa/edit?usp=sharing&ouid=106555315294820607512&rtpof=true&sd=true ">https://docs.google.com/spreadsheets/d/1yKIrdCPDAG_9c22mwoOIO2DOhtj65Wqa/edit?usp=sharing&ouid=106555315294820607512&rtpof=true&sd=true </a>
Link text List of Curated E-Books
942 ## - ADDED ENTRY ELEMENTS (KOHA)
Koha item type E-Book
Holdings
Withdrawn status Damaged status Not for loan Home library Current library Date acquired Total Checkouts Date last seen Price effective from Koha item type
      Directory of Open Access Books Directory of Open Access Books 12/09/2024   12/09/2024 12/09/2024 E-Book

University of Rizal System
Email us at univlibservices@urs.edu.ph

Visit our Website www.urs.edu.ph/library